00398nam a2200169Ia 4500003000900000008004100009040001300050040001300063041000800076100002900084245006000113250000900173260002100182260000900203300001000212490000600222IT-RoPAU120407s9999 xx 000 0 und d aIT-RoPAU cIT-RoPAU aita aFrancesco Licinio Galati aDizionario della Letteratura Mondiale del 900 - 3 voll. aRoma aEdizioni Paoline c1980 c23 cm v1